000 00660nam a2200169 a 4500
008 150824s1978 ||||||||||||||||| || u
020 _a007059645x
050 _aQP 34.5 Sol
100 _aSolomon, Eldra Pearl
245 1 0 _aUnderstanding human anatomy and physiology
_cby Eldra Pearl Solomon and P. William Davis
260 _aNew York
_bMc Graw- Hill
_c1978
300 _axiii, 639p. :ill.
350 _a0.01
650 0 _aHUMAN ANATOMY
650 0 _aHUMAN PHYSIOLOGY
995 _aMICHAEL CHILUFYA SATA OPEN ACCESS
_e903091
_FCBU-SCHOOL OF MEDICINE LIBRARY (Ndola)
_I0.00
_jQP 34.5 Sol
_M1
_UAVAILABLE
_WSep 4, 2015
_y903091
_ZMedical Library Open Access Collection
999 _c32949
_d32949